000 00374nam a2200133Ia 4500
008 100328s9999 xx 000 0 und d
082 _b50192
100 _aकुलकर्णी नलिनी
245 _aसुबोध कथा-1
260 _bअंजनी
630 _aसुबोध कथा-1
730 _aसुबोध कथा-1
942 _cBOOK
999 _c537382
_d537379